ARRUPE JESUIT UNIVERSITY

CORONAVIRUS -STOP THE SPREAD - CLEAN,DISINFECT,COVER

Zimbabwe, a country study (Record no. 17045)

MARC details
000 -LEADER
fixed length control field 00455nam a2200181Ia 4500
003 - CONTROL NUMBER IDENTIFIER
control field 0100
005 - DATE AND TIME OF LATEST TRANSACTION
control field 20170428091125.0
008 - FIXED-LENGTH DATA ELEMENTS--GENERAL INFORMATION
fixed length control field 130303s9999 xx 000 0 und d
040 ## - CATALOGING SOURCE
Transcribing agency ARRUPELIB
050 ## - LIBRARY OF CONGRESS CALL NUMBER
Classification number DT962.Z551983
300 ## - PHYSICAL DESCRIPTION
Other physical details 22cm
245 ## - TITLE STATEMENT
Title Zimbabwe, a country study
260 ## - PUBLICATION, DISTRIBUTION, ETC. (IMPRINT)
Name of publisher, distributor, etc United States Government
Place of publication, distribution, etc Washington, DC
Date of publication, distribution, etc 1983
300 ## - PHYSICAL DESCRIPTION
Extent 360p.
440 ## - SERIES STATEMENT/ADDED ENTRY--TITLE
Title Area Handbook series
9 (RLIN) 30024
650 ## - SUBJECT ADDED ENTRY--TOPICAL TERM
Topical term or geographic name as entry element Zimbabwe
9 (RLIN) 5792
700 ## - ADDED ENTRY--PERSONAL NAME
Personal name by Harold D. Nelson , Nelson, Harold D
9 (RLIN) 30025
942 ## - ADDED ENTRY ELEMENTS (KOHA)
Source of classification or shelving scheme Library of Congress Classification
Koha item type Monograph ( Printed materials)
Holdings
Withdrawn status Lost status Source of classification or shelving scheme Damaged status Not for loan Collection code Home library Current library Shelving location Date acquired Total Checkouts Full call number Barcode Date last seen Date checked out Copy number Price effective from Koha item type
    Library of Congress Classification     Main Collection ARRUPE LIBRARY ARRUPE LIBRARY   04/03/2013 7 DT962.Z551983 46003088689 13/01/2023 14/12/2022 1 04/03/2013 Monograph ( Printed materials)

 

Arrupe Library. PO Box MP320 Mt Pleasant, Harare, Zimbabwe
263 242 745411|librarian@aju.ac.zw